000 00577nam a2200181Ia 4500
003 GCL
008 140319s9999 xx 000 0 ara d
040 _aGCL /
_cGCL
082 0 4 _a953.075
_bم ب
100 1 _aمحمد حسن عبدالرحمن
245 1 0 _aبحث فى الاثار العمانية /
_cمحمد حسن عبدالرحمن
490 _aالهيئة العامة للاستعلامات
_v0
650 0 4 _aعمان
650 0 4 _aعمان - تاريخ
650 0 4 _aالاثار - التنقيب عن
650 0 4 _aالاثار - عمان
942 _2ddc
_cBK
999 _c50939
_d50939